000 00655cam a2200217 4500
001 ABS62005
008 000000n2000 000 0 eng u
035 _a(Sirsi) u104466
100 _aField, R.
245 _aBeware of "hidden" stamp duty charges
260 _c2000
490 _aEstates Gazette
_v0007(19) 19 February 2000 126-127(2)
520 _aWarns against hidden stamp duty charges when undertaking development in partnership with local or public authorities.
590 _aABS
650 _aSTAMP DUTY
650 _aPARTNERSHIP
650 _aPROPERTY DEVELOPMENT
650 _aLOCAL AUTHORITIES
690 _aTAXATION
942 _n0
999 _c62671
_d62671